La devoción al Sagrado Corazón de Jesús : medio poderoso y suave para asegurar la salvación : tomo I /

-д хадгалсан:
Номзүйн дэлгэрэнгүй
Үндсэн зохиолч: Croisset, Juan (autor)
Формат: Ном
Хэл сонгох:испани
Нөхцлүүд:
Шошгууд: Шошго нэмэх
Шошго байхгүй, Энэхүү баримтыг шошголох эхний хүн болох!

MARC

LEADER 00000nam^a2200000^a^4500
001 000380625
005 20250526000000.0
009 20260310120614.7
037 |a Acervo Xavier Clavigero 
041 |a ESP 
082 |a 242. 8  |b CRO V. 1 
100 |a Croisset, Juan  |e (autor) 
240 1 4 |a [La devoción al Sagrado Corazón de Jesús] 
245 1 3 |a La devoción al Sagrado Corazón de Jesús :  |b medio poderoso y suave para asegurar la salvación : tomo I /  |c J. Croisset ; tr. por Pedro de Peñalosa. 
264 |a Barcelona, España :  |b Librería Religiosa,  |c 1881 
300 |a 286 p. ;  |c 15.0 cm. 
336 |a texto  |b txt  |2 rdacontenido 
337 |a sin mediación  |b n  |2 rdamedio 
338 |a volumen  |b nc  |2 rdasoporte 
561 |a Ex libris de Bibl. Domus Probationis Sancti Ioseph 
561 |a Ex libris de Bibl. Theol. Prov. Aragón 
561 |a Ex libris de Soc. Jesus Biblicum Sarr S. Jonat 
649 |a XX 
650 |a Sagrado Corazón de Jesús -  |x Culto -  |x Tema Principal 
650 |a Ejercicios Espirituales 
650 |a Libros de Oraciones y Devocionarios -  |x Tema Principal 
650 |a Literatura Religiosa 
650 |a Catolicismo 
650 |a Cristianismo 
650 |a Religión 
910 |a Fondo General 
920 |a Impresos - Libros 
930 |a Libros Antiguos y Raros 
905 |a 108 
901 |a 0500275647  |b IT2  |c LRA  |u 20250526 
902 |a https://opac.biblio.iteso.mx/vufind/Record/000380625